|
|
|
|
| LEADER |
00000cam a2200000 7i4500 |
| 001 |
0000052039 |
| 005 |
20150915.0 |
| 008 |
150915 |
| 020 |
|
|
|a 9789670361673
|
| 090 |
0 |
0 |
|a CUS
|b MAL
|
| 100 |
0 |
|
|a Mas Anom Musdar
|
| 245 |
0 |
0 |
|a Pakaian tradisional kita
|c Mas Anom Musdar
|
| 260 |
|
|
|a Selangor :
|b Ug Press Sdn Bhd ,
|c 2014
|
| 490 |
0 |
|
|a Folk Literature, Malay
|x Costume, Malaysia
|
| 999 |
|
|
|a 0001307851
|b Book
|c Children Collection
|e Cawangan Kota Tinggi
|
| 999 |
|
|
|a 0001307853
|b Book
|c Children Collection
|e Cawangan Mersing
|
| 999 |
|
|
|a 0001307854
|b Book
|c Children Collection
|e Cawangan Batu Pahat
|
| 999 |
|
|
|a 0001307855
|b Book
|c Children Collection
|e Cawangan Bukit Gambir
|
| 999 |
|
|
|a 0001307856
|b Book
|c Children Collection
|e Cawangan Tangkak
|
| 999 |
|
|
|a 0001307859
|b Book
|c Children Collection
|e Cawangan Sri Merlong
|
| 999 |
|
|
|a 0001307861
|b Book
|c Chinese Collection
|e Cawangan Bandar Tenggara
|
| 999 |
|
|
|a 0001307863
|b Book
|c Children Collection
|e Cawangan Bandar Penawar
|
| 999 |
|
|
|a 0001307864
|b Book
|c Children Collection
|e Cawangan Taman Universiti
|
| 999 |
|
|
|a 0001307962
|b Book
|c Children Collection
|e Cawangan Tangkak
|